Rizikový kapitál (naděje pro malé a střední podniky?)

Objekty financovania rizikového kapitálu. Formy vstupu rizikového kapitálu. Požadovaná výnosnosť projektov. Zdroje rizikového kapitálu vo svete. Rizikový kapitál v Českej republike.

Gespeichert in:
Bibliographische Detailangaben
1. Verfasser: Srpová, Jitka
Format: Buchkapitel
Sprache:Tschechisch
Schlagworte:
Tags: Tag hinzufügen
Keine Tags, Fügen Sie das erste Tag hinzu!

MARC

LEADER 00000naa a2200000 4500
001 r035154
005 20231002100041.6
041 0 |a cze 
044 |a CZ 
245 1 0 |a Rizikový kapitál  |b (naděje pro malé a střední podniky?)  |c Jitka Srpová 
520 |a Objekty financovania rizikového kapitálu. Formy vstupu rizikového kapitálu. Požadovaná výnosnosť projektov. Zdroje rizikového kapitálu vo svete. Rizikový kapitál v Českej republike. 
610 2 0 |a kapitál rizikový 
610 2 0 |a podnikanie malé 
610 2 0 |a podnikanie stredné 
610 2 0 |a financovanie 
610 2 0 |a výnosy podnikové 
610 2 0 |a zdroje finančné 
610 2 0 |a Česko 
610 2 0 |a USA 
100 1 |a Srpová, Jitka